000 00539nam a2200193Ia 4500
999 _c15098
_d15098
003 OSt
005 20201116100326.0
008 190216s9999||||xx |||||||||||||| ||und||
020 _a8120720903
040 _coclc
082 _a415
_bKAK/S
100 _aKakkar, B N
_96578
245 4 _aThe Sterling Book Of Current Words & Phrases /
_cB N Kakkar
250 _a3rd Ed.
260 _bSterling Publications,
_c2004.
_aNew delhi:
300 _a111p
650 _aEnglish
942 _cBK
_2ddc
_h415
_iKAK/S
_k415
_mKAK/S